[Event "San Francisco TNM Fall op"]
[Site "San Francisco"]
[Date "2017.12.12"]
[Round "8"]
[White "Traub, Igor Vladimirovich"]
[Black "Ivanov, Aleksandr Y"]
[Result "0-1"]
[WhiteElo "2087"]
[BlackElo "2125"]
[PlyCount "56"]
[EventDate "2017.10.24"]
[EventType "swiss"]
[EventRounds "9"]
[EventCountry "USA"]
[SourceTitle "EXT 2023"]
[Source "ChessBase"]
[SourceDate "2022.10.05"]
[SourceVersion "1"]
[SourceVersionDate "2022.10.05"]
[SourceQuality "1"]

1. e4 e6 2. d4 d5 3. Nc3 Bb4 4. e5 Ne7 5. a3 Bxc3+ 6. bxc3 b6 7. Qg4 Ng6 8. h4 h5 9. Qg3 Ba6 10. Bxa6 Nxa6 11. Nf3 Qd7 12. Ng5 Nb8 13. 0-0 Nc6 14. Nh3 Nce7 15. Qg5 0-0-0 16. g3 Qa4 17. Qd2 f6 18. Qe2 Qc6 19. exf6 gxf6 20. Re1 e5 21. dxe5 Nxe5 22. f4 Qxc3 23. Be3 Rhg8 24. Kg2 Nf5 25. Ng5 fxg5 26. fxe5 gxh4 27. Qd3 Nxe3+ 28. Rxe3 Qxa1 0-1

[Event "San Francisco Grey Memorial"]
[Site "San Francisco"]
[Date "2017.10.03"]
[Round "9"]
[White "Traub, Igor Vladimirovich"]
[Black "Vickers, Keith"]
[Result "1-0"]
[WhiteElo "2093"]
[BlackElo "1924"]
[PlyCount "43"]
[EventDate "2017.08.08"]
[EventType "swiss"]
[EventRounds "9"]
[EventCountry "USA"]
[SourceTitle "EXT 2023"]
[Source "ChessBase"]
[SourceDate "2022.10.05"]
[SourceVersion "1"]
[SourceVersionDate "2022.10.05"]
[SourceQuality "1"]

1. Nf3 Nc6 2. d4 d5 3. c4 Bg4 4. cxd5 Bxf3 5. gxf3 Qxd5 6. e3 e5 7. Nc3 Bb4 8. Bd2 Bxc3 9. bxc3 exd4 10. cxd4 Nge7 11. Rg1 0-0 12. Bd3 Qh5 13. Rb1 Rad8 14. Rb5 Rd5 15. Rxb7 Ne5 16. Be4 Rd7 17. dxe5 Rfd8 18. Qc2 Qxh2 19. Kf1 Ng6 20. Be1 Nxe5 21. f4 f5 22. Rh1 1-0

[Event "San Francisco Grey Memorial"]
[Site "San Francisco"]
[Date "2017.08.15"]
[Round "2"]
[White "Traub, Igor Vladimirovich"]
[Black "Holderness, Benjamin"]
[Result "1-0"]
[WhiteElo "2093"]
[BlackElo "1338"]
[PlyCount "49"]
[EventDate "2017.08.08"]
[EventType "swiss"]
[EventRounds "9"]
[EventCountry "USA"]
[SourceTitle "EXT 2023"]
[Source "ChessBase"]
[SourceDate "2022.10.05"]
[SourceVersion "1"]
[SourceVersionDate "2022.10.05"]
[SourceQuality "1"]

1. d4 Nf6 2. c4 c5 3. Nf3 cxd4 4. Nxd4 d6 5. Nc3 Nc6 6. e4 g6 7. Be2 Bg7 8. Be3 0-0 9. 0-0 Bd7 10. Rc1 a6 11. a3 Qc7 12. b4 Nxd4 13. Bxd4 e5 14. Be3 Be6 15. Nd5 Bxd5 16. exd5 a5 17. c5 Nd7 18. c6 bxc6 19. dxc6 Nf6 20. b5 Rac8 21. b6 Qb8 22. c7 Qb7 23. Qxd6 Ne4 24. Qc6 Qxc6 25. Rxc6 1-0

[Event "San Francisco TNM Winter op"]
[Site "San Francisco"]
[Date "2017.02.21"]
[Round "8"]
[White "Traub, Igor Vladimirovich"]
[Black "Winslow, Elliott C"]
[Result "0-1"]
[WhiteElo "2096"]
[BlackElo "2222"]
[PlyCount "54"]
[EventDate "2017.01.03"]
[EventType "swiss"]
[EventRounds "8"]
[EventCountry "USA"]
[SourceTitle "EXT 2018"]
[Source "ChessBase"]
[SourceDate "2017.10.13"]
[SourceVersion "1"]
[SourceVersionDate "2017.10.13"]
[SourceQuality "1"]

1. d4 Nf6 2. c4 g6 3. Nc3 Bg7 4. e4 d6 5. Nf3 0-0 6. h3 e5 7. dxe5 dxe5 8. Bg5 Na6 9. Qxd8 Rxd8 10. Nd5 Rd6 11. Bxf6 Bxf6 12. b4 b6 13. c5 Rxd5 14. exd5 e4 15. Bxa6 Bxa6 16. Rb1 exf3 17. b5 fxg2 18. Rg1 Re8+ 19. Kd2 Bc8 20. cxb6 axb6 21. Rxg2 Rd8 22. Rg3 Rxd5+ 23. Ke1 Bf5 24. Rbb3 Be5 25. Rge3 Bc2 26. Rb4 Bd6 27. Rc4 Bd3 0-1

[Event "San Francisco TNM Summer op"]
[Site "San Francisco"]
[Date "2016.06.21"]
[Round "5"]
[White "Andries, Craig"]
[Black "Traub, Igor Vladimirovich"]
[Result "0-1"]
[WhiteElo "1862"]
[BlackElo "2136"]
[PlyCount "112"]
[EventDate "2016.05.24"]
[EventType "swiss"]
[EventRounds "8"]
[EventCountry "USA"]
[SourceTitle "EXT 2018"]
[Source "ChessBase"]
[SourceDate "2017.10.13"]
[SourceVersion "1"]
[SourceVersionDate "2017.10.13"]
[SourceQuality "1"]

1. d4 Nf6 2. Nf3 g6 3. Nc3 Bg7 4. e4 d6 5. Be2 0-0 6. h3 Nbd7 7. 0-0 e5 8. dxe5 dxe5 9. Be3 c6 10. Qd2 Re8 11. Rad1 Qe7 12. a3 Nc5 13. Bd3 Nh5 14. Bg5 f6 15. Be3 f5 16. Bc4+ Be6 17. Bxc5 Qxc5 18. Bxe6+ Rxe6 19. Ng5 Re7 20. Qd6 Qxd6 21. Rxd6 Rae8 22. Rfd1 Bf6 23. Nf3 Kf7 24. g3 Ng7 25. Kg2 Ne6 26. h4 h5 27. R1d2 Nc5 28. Re2 Re6 29. Rxe6 Kxe6 30. b4 Nd7 31. Nd2 Be7 32. Nc4 b5 33. exf5+ gxf5 34. Ne3 Kf6 35. Rd2 Nb6 36. f3 f4 37. Ne4+ Kg6 38. Nf1 Nc4 39. Rd3 a5 40. Nc5 Bxc5 41. bxc5 e4 42. fxe4 Rxe4 43. Kf2 fxg3+ 44. Rxg3+ Kf6 45. Rh3 Rf4+ 46. Ke2 Rg4 47. Rf3+ Ke6 48. Rh3 Rg2+ 49. Kd1 Kd5 50. Rf3 Kxc5 51. Ng3 Rg1+ 52. Ke2 b4 53. axb4+ Kxb4 54. Rb3+ Kc5 55. Ne4+ Kd4 56. Nf2 a4 0-1

[Event "San Francisco TNM Spring op"]
[Site "San Francisco"]
[Date "2016.04.19"]
[Round "6"]
[White "Traub, Igor Vladimirovich"]
[Black "Anderson, Michael Gene"]
[Result "0-1"]
[WhiteElo "2136"]
[BlackElo "1962"]
[PlyCount "164"]
[EventDate "2016.03.15"]
[EventType "swiss"]
[EventRounds "8"]
[EventCountry "USA"]
[SourceTitle "EXT 2018"]
[Source "ChessBase"]
[SourceDate "2017.10.13"]
[SourceVersion "1"]
[SourceVersionDate "2017.10.13"]
[SourceQuality "1"]

1. Nf3 f5 2. g3 Nf6 3. d3 g6 4. Bg5 Bg7 5. Bg2 0-0 6. Nc3 d5 7. Qd2 Nc6 8. Bh6 d4 9. Na4 Qd6 10. Bxg7 Kxg7 11. c4 Bd7 12. c5 Qd5 13. b4 e5 14. 0-0 Rae8 15. b5 Nd8 16. Qb4 a6 17. c6 a5 18. Qxa5 Bxc6 19. Qxc7+ Rf7 20. Qb6 Nd7 21. Qa5 Qxb5 22. Qxb5 Bxb5 23. Nb2 Nc6 24. Rfc1 e4 25. Ng5 Rfe7 26. a4 Ba6 27. Nh3 Nf6 28. Nc4 Nd5 29. Nd6 Rd8 30. Nb5 Bxb5 31. axb5 Ncb4 32. Rc4 exd3 33. exd3 Rde8 34. Bxd5 Nxd5 35. Rxd4 Nc3 36. Rb4 Rd8 37. Kg2 Rxd3 38. b6 Red7 39. Nf4 R3d6 40. h4 h5 41. Rc4 Ne4 42. Rc7 Kf7 43. Rac1 Nf6 44. Nh3 Nd5 45. Rxd7+ Rxd7 46. Rb1 Kf6 47. Nf4 Nxf4+ 48. gxf4 Ke7 49. Kf3 Kd6 50. Ke3 Kd5 51. Rd1+ Kc6 52. Rb1 Rd6 53. Rb2 Kc5 54. Rc2+ Kxb6 55. Rb2+ Kc7 56. Rc2+ Rc6 57. Rd2 b6 58. Rd5 Kb7 59. Rd7+ Ka6 60. Kd4 Rf6 61. Kd3 Re6 62. f3 Rf6 63. Kc3 Re6 64. Rd4 Kb7 65. Rc4 Rc6 66. Kb3 Rxc4 67. Kxc4 Ka6 68. Kb4 b5 69. Kb3 Ka5 70. Ka3 b4+ 71. Kb3 Kb5 72. Ka2 Kc4 73. Kb2 b3 74. Kb1 Kc3 75. Ka1 Kb4 76. Kb1 Kc4 77. Kc1 Kc3 78. Kb1 b2 79. Ka2 Kc2 80. Ka3 b1Q 81. Ka4 Kc3 82. Ka3 Qb4+ 0-1

[Event "San Francisco TNM Spring op"]
[Site "San Francisco"]
[Date "2016.04.12"]
[Round "5"]
[White "Traub, Igor Vladimirovich"]
[Black "Walder, Michael S"]
[Result "0-1"]
[WhiteElo "2136"]
[BlackElo "2109"]
[PlyCount "84"]
[EventDate "2016.03.15"]
[EventType "swiss"]
[EventRounds "8"]
[EventCountry "USA"]
[SourceTitle "EXT 2018"]
[Source "ChessBase"]
[SourceDate "2017.10.13"]
[SourceVersion "1"]
[SourceVersionDate "2017.10.13"]
[SourceQuality "1"]

1. Nf3 c5 2. g3 Nf6 3. Bg2 Nc6 4. d3 e6 5. e4 d5 6. Nbd2 Be7 7. 0-0 0-0 8. Re1 b5 9. e5 Nd7 10. Nf1 a5 11. a3 Ba6 12. h4 b4 13. a4 c4 14. d4 c3 15. b3 Qb6 16. N1h2 Rae8 17. Bh3 Ndxe5 18. Nxe5 Nxe5 19. dxe5 Bc5 20. Ng4 h5 21. Ne3 d4 22. Qxh5 dxe3 23. Bxe3 Rd8 24. Bxc5 Qxc5 25. Bg2 Rd2 26. Re3 f5 27. Qg6 Qe7 28. Rc1 Be2 29. Re1 Bd1 30. Bf1 Qf7 31. Qg5 f4 32. gxf4 Qxf4 33. Qxf4 Rxf4 34. Bc4 Kf7 35. Rd3 Bxc2 36. Rd6 Rg4+ 37. Kf1 Rxc4 38. bxc4 Rxd6 39. exd6 Bd3+ 40. Kg1 Bxc4 41. Re4 Bd5 42. Rf4+ Ke8 0-1

[Event "San Francisco TNM Spring op"]
[Site "San Francisco"]
[Date "2016.04.05"]
[Round "4"]
[White "Harmon, Frederick G"]
[Black "Traub, Igor Vladimirovich"]
[Result "0-1"]
[WhiteElo "1812"]
[BlackElo "2136"]
[PlyCount "88"]
[EventDate "2016.03.15"]
[EventType "swiss"]
[EventRounds "8"]
[EventCountry "USA"]
[SourceTitle "EXT 2018"]
[Source "ChessBase"]
[SourceDate "2017.10.13"]
[SourceVersion "1"]
[SourceVersionDate "2017.10.13"]
[SourceQuality "1"]

1. e4 d5 2. e5 c5 3. f4 Nc6 4. Nf3 Bg4 5. Be2 e6 6. c3 Nh6 7. 0-0 Be7 8. d4 Bxf3 9. Bxf3 cxd4 10. cxd4 Nf5 11. Qa4 0-0 12. Nc3 Nfxd4 13. Ne2 b5 14. Qd1 Nxf3+ 15. Rxf3 f6 16. exf6 Bxf6 17. a3 Rc8 18. Rb1 a5 19. Rh3 g6 20. Be3 Qd6 21. Qd2 b4 22. Rc1 Ne7 23. g4 bxa3 24. bxa3 Qxa3 25. Rxc8 Rxc8 26. Kg2 Qa4 27. Bf2 Qe4+ 28. Kf1 Rc2 29. Qe3 Qxe3 30. Rxe3 Kf7 31. Ra3 Nc6 32. Bb6 Be7 33. Ra4 Bb4 34. h4 Rc4 35. Kg2 h5 36. g5 e5 37. Kf3 Ke6 38. Ra1 e4+ 39. Kg3 d4 40. Rf1 Kf5 41. Kh3 Ke6 42. Ng3 Rc3 43. Kg2 Rc2+ 44. Kh3 e3 0-1

[Event "San Francisco TNM Summer op"]
[Site "San Francisco"]
[Date "2015.06.30"]
[Round "6"]
[White "Anderson, Michael Gene"]
[Black "Traub, Igor Vladimirovich"]
[Result "0-1"]
[WhiteElo "1991"]
[BlackElo "2097"]
[PlyCount "66"]
[EventDate "2015.05.26"]
[EventType "swiss"]
[EventRounds "8"]
[EventCountry "USA"]
[SourceTitle "EXT 2016"]
[Source "ChessBase"]
[SourceDate "2015.10.08"]
[SourceVersion "1"]
[SourceVersionDate "2015.10.08"]
[SourceQuality "1"]

1. e4 g6 2. d4 Bg7 3. Nf3 d6 4. Nc3 Nf6 5. Be3 Nbd7 6. Qd2 Ng4 7. Bg5 h6 8. Bh4 c6 9. h3 Ngf6 10. e5 Nh5 11. 0-0-0 g5 12. g4 Nf4 13. exd6 exd6 14. Re1+ Ne6 15. Bg3 d5 16. Bd3 Qf6 17. Bf5 0-0 18. Ne5 Nxe5 19. dxe5 Qe7 20. h4 Bd7 21. hxg5 Nxg5 22. Qe2 b5 23. f4 Ne6 24. Bxe6 fxe6 25. Bh4 Qb4 26. Bg3 Qc4 27. Qxc4 bxc4 28. Na4 Rfe8 29. Bf2 Rab8 30. a3 Rb5 31. Nc5 Bc8 32. b4 cxb3 33. Nxb3 Bf8 0-1

[Event "San Francisco TNM Spring op"]
[Site "San Francisco"]
[Date "2015.04.28"]
[Round "7"]
[White "Khristoforov, Sergey"]
[Black "Traub, Igor Vladimirovich"]
[Result "1/2-1/2"]
[WhiteElo "1977"]
[BlackElo "2073"]
[PlyCount "80"]
[EventDate "2015.03.17"]
[EventType "swiss"]
[EventRounds "8"]
[EventCountry "USA"]
[SourceTitle "EXT 2016"]
[Source "ChessBase"]
[SourceDate "2015.10.08"]
[SourceVersion "1"]
[SourceVersionDate "2015.10.08"]
[SourceQuality "1"]

1. d4 d5 2. c4 c6 3. Nf3 Nf6 4. Nc3 g6 5. e3 Bg7 6. Be2 0-0 7. 0-0 Nbd7 8. b3 Qa5 9. Bb2 Ne4 10. Nxe4 dxe4 11. Nd2 f5 12. a3 c5 13. b4 Qc7 14. Nb3 b6 15. Qc2 e5 16. d5 Qd6 17. bxc5 Nxc5 18. a4 Bd7 19. Nxc5 bxc5 20. Ba3 f4 21. Rfb1 Bh6 22. exf4 exf4 23. Rb7 f3 24. Bd1 Bc8 25. Rb5 Qf6 26. Bb2 Qg5 27. g3 e3 28. Qc3 exf2+ 29. Kxf2 Qd2+ 30. Qxd2 Bxd2 31. Rxc5 Be1+ 32. Ke3 f2 33. Be2 Re8+ 34. Kf3 Rxe2 35. Rxc8+ Rxc8 36. Kxe2 Rxc4 37. Rc1 Rxa4 38. d6 Kf8 39. d7 Ke7 40. Rd1 Ba5 1/2-1/2

[Event "San Francisco TNM Winter op"]
[Site "San Francisco"]
[Date "2015.01.06"]
[Round "1"]
[White "Traub, Igor Vladimirovich"]
[Black "Eytan, David"]
[Result "1-0"]
[WhiteElo "2073"]
[BlackElo "1599"]
[PlyCount "69"]
[EventDate "2015.01.06"]
[EventType "swiss"]
[EventRounds "8"]
[EventCountry "USA"]
[SourceTitle "EXT 2016"]
[Source "ChessBase"]
[SourceDate "2015.10.08"]
[SourceVersion "1"]
[SourceVersionDate "2015.10.08"]
[SourceQuality "1"]

1. d4 f5 2. g3 Nf6 3. Bg2 e6 4. Nh3 Nc6 5. c4 Bb4+ 6. Nc3 0-0 7. 0-0 Bxc3 8. bxc3 Ne7 9. Rb1 Rb8 10. Qa4 d5 11. Ba3 a6 12. cxd5 exd5 13. c4 c6 14. Nf4 Ne4 15. Qb4 Rf7 16. Rfd1 a5 17. Qb3 g5 18. Nd3 Ng6 19. cxd5 Qxd5 20. Qxd5 cxd5 21. Rb6 f4 22. Ne5 Nxe5 23. dxe5 fxg3 24. e6 gxf2+ 25. Kf1 Bxe6 26. Rxe6 Nc3 27. Rd3 Nb1 28. Bxd5 Rd8 29. Rd6 Rdf8 30. Bb2 b5 31. Rf6 b4 32. Rxf2 Nc3 33. Rxf7 Rxf7+ 34. Bxf7+ Kxf7 35. Bxc3 1-0

[Event "San Francisco TNM Jay Whitehead op"]
[Site "San Francisco"]
[Date "2014.09.09"]
[Round "6"]
[White "Tsodikova, Natalia"]
[Black "Traub, Igor Vladimirovich"]
[Result "1-0"]
[WhiteElo "2162"]
[BlackElo "2078"]
[PlyCount "105"]
[EventDate "2014.08.05"]
[EventType "swiss"]
[EventRounds "9"]
[EventCountry "USA"]
[SourceTitle "EXT 2016"]
[Source "ChessBase"]
[SourceDate "2015.10.08"]
[SourceVersion "1"]
[SourceVersionDate "2015.10.08"]
[SourceQuality "1"]

1. d4 d5 2. Bf4 Nf6 3. Nf3 e6 4. e3 Be7 5. Bd3 c5 6. c3 Nc6 7. h3 0-0 8. 0-0 Bd7 9. Nbd2 Qb6 10. Rb1 a5 11. Ne5 Rac8 12. Bh2 cxd4 13. exd4 Nxe5 14. dxe5 Ne8 15. Qh5 g6 16. Qe2 Ng7 17. Nf3 Rfd8 18. Bf4 Nf5 19. g4 Ng7 20. Nd4 f5 21. exf6 Bxf6 22. Be5 Rf8 23. Kg2 Bxe5 24. Qxe5 Qc7 25. Rbe1 Qxe5 26. Rxe5 Rf4 27. Rfe1 a4 28. Kg3 Rcf8 29. a3 Rxf2 30. R1e2 R2f4 31. Re1 R8f6 32. R5e3 Rf2 33. R1e2 Rxe2 34. Rxe2 Kf8 35. Nf3 Ne8 36. g5 Rf7 37. Ne5 Rg7 38. Nxd7+ Rxd7 39. Rxe6 Kf7 40. Rb6 Nd6 41. Rb4 Re7 42. Kf4 Ke6 43. Rxa4 Rf7+ 44. Ke3 Ke5 45. h4 b5 46. Rb4 Nc4+ 47. Bxc4 bxc4 48. Rb8 Rf1 49. Rb7 Rh1 50. Rxh7 Rh2 51. a4 Kd6 52. a5 Rh1 53. a6 1-0

[Event "San Francisco TNM Jay Whitehead op"]
[Site "San Francisco"]
[Date "2014.08.20"]
[Round "3"]
[White "Traub, Igor Vladimirovich"]
[Black "Lee, Andy C"]
[Result "0-1"]
[WhiteElo "2078"]
[BlackElo "2361"]
[PlyCount "88"]
[EventDate "2014.08.05"]
[EventType "swiss"]
[EventRounds "9"]
[EventCountry "USA"]
[SourceTitle "EXT 2016"]
[Source "ChessBase"]
[SourceDate "2015.10.08"]
[SourceVersion "1"]
[SourceVersionDate "2015.10.08"]
[SourceQuality "1"]

1. Nf3 d5 2. d4 Nc6 3. Bf4 Bg4 4. e3 e6 5. Be2 Bd6 6. Bxd6 cxd6 7. 0-0 Nf6 8. c4 dxc4 9. Bxc4 0-0 10. Nc3 Qe7 11. a3 Rac8 12. Bd3 e5 13. d5 Nb8 14. h3 Bxf3 15. gxf3 g6 16. Qa4 a6 17. Rac1 Nbd7 18. Bb1 Nc5 19. Qd1 b5 20. b4 Ncd7 21. a4 Rc4 22. axb5 axb5 23. Qb3 Rh4 24. Kg2 Nb6 25. Bd3 Qd7 26. Rh1 Rc8 27. Ra1 Nc4 28. Kg3 Nh5+ 29. Kg2 Qe7 30. Bxc4 Qg5+ 31. Kf1 Rhxc4 32. Ne4 Qe7 33. Nd2 Rc3 34. Qd1 f5 35. Rg1 Qh4 36. Kg2 Qxb4 37. Qb1 Qxb1 38. Rgxb1 R3c5 39. e4 Nf4+ 40. Kg3 Rc2 41. Nb3 fxe4 42. fxe4 R8c3+ 43. Kg4 Kg7 44. Ra7+ Kh6 0-1

[Event "San Francisco TNM Summer op"]
[Site "San Francisco"]
[Date "2013.05.28"]
[Round "1"]
[White "Traub, Igor Vladimirovich"]
[Black "Flores Gomez, David"]
[Result "1-0"]
[WhiteElo "2074"]
[BlackElo "1654"]
[PlyCount "59"]
[EventDate "2013.05.28"]
[EventType "swiss"]
[EventRounds "8"]
[EventCountry "USA"]
[SourceTitle "EXT 2016"]
[Source "ChessBase"]
[SourceDate "2015.10.08"]
[SourceVersion "1"]
[SourceVersionDate "2015.10.08"]
[SourceQuality "1"]

1. Nf3 Nf6 2. d3 g6 3. e4 d6 4. g3 Bg7 5. Bg2 c5 6. h3 Nc6 7. Nc3 Bd7 8. 0-0 0-0 9. Be3 Qc8 10. Kh2 Nh5 11. Qd2 Nd4 12. Nd5 Nxf3+ 13. Bxf3 Re8 14. Bxh5 gxh5 15. Bh6 f6 16. Bxg7 Kxg7 17. Nf4 h6 18. Nxh5+ Kh7 19. g4 Rg8 20. Rg1 Rg6 21. f4 Qc7 22. Rg3 Rag8 23. Rag1 b5 24. f5 Rg5 25. h4 R5g7 26. Nxg7 Rxg7 27. Qf4 Qa5 28. g5 e5 29. gxf6 Rf7 30. Rg7+ 1-0

[Event "San Francisco TNM Winter op"]
[Site "San Francisco"]
[Date "2013.02.26"]
[Round "8"]
[White "Traub, Igor Vladimirovich"]
[Black "Brown, Nicholas"]
[Result "1-0"]
[WhiteElo "2112"]
[BlackElo "1471"]
[PlyCount "47"]
[EventDate "2013.01.08"]
[EventType "swiss"]
[EventRounds "8"]
[EventCountry "USA"]
[SourceTitle "EXT 2016"]
[Source "ChessBase"]
[SourceDate "2015.10.08"]
[SourceVersion "1"]
[SourceVersionDate "2015.10.08"]
[SourceQuality "1"]

1. e4 c6 2. d4 d5 3. e5 Bf5 4. Ne2 e6 5. Ng3 Bg6 6. Be2 c5 7. c3 Nc6 8. 0-0 Be7 9. Na3 c4 10. b3 Bxa3 11. Bxa3 b5 12. f4 Nce7 13. Nh5 Nf5 14. bxc4 Bxh5 15. Bxh5 Ne3 16. Qe2 Nxf1 17. cxd5 Qd7 18. dxe6 Qxe6 19. Qxb5+ Qd7 20. Bxf7+ Kd8 21. Qa5+ Kc8 22. Qc5+ Qc7 23. Be6+ Kb7 24. Rb1+ 1-0